Differential calculus / (Record no. 4762)

000 -LEADER
fixed length control field 00437nam a22001577a 4500
008 - FIXED-LENGTH DATA ELEMENTS--GENERAL INFORMATION
fixed length control field 200828b ||||| |||| 00| 0 eng d
082 00 - DEWEY DECIMAL CLASSIFICATION NUMBER
Classification number 515.3
Item number D2291
100 ## - MAIN ENTRY--PERSONAL NAME
9 (RLIN) 1990
Personal name Das, B. C.
245 10 - TITLE STATEMENT
Title Differential calculus /
250 ## - EDITION STATEMENT
Edition statement 9th ed.
260 ## - PUBLICATION, DISTRIBUTION, ETC. (IMPRINT)
Place of publication, distribution, etc Calcutta:
Name of publisher, distributor, etc U. N. Dhar,
Date of publication, distribution, etc 1994.
300 ## - PHYSICAL DESCRIPTION
Extent xx, 471 p.
650 #0 - SUBJECT ADDED ENTRY--TOPICAL TERM
Topical term or geographic name as entry element Differential Calculus
700 ## - ADDED ENTRY--PERSONAL NAME
9 (RLIN) 1994
Personal name Mukherjee, B. N.
942 ## - ADDED ENTRY ELEMENTS (KOHA)
Item type Books
Holdings
Withdrawn status Lost status Source of classification or shelving scheme Damaged status Not for loan Permanent location Current location Date acquired Full call number Barcode Date last seen Koha item type Total Checkouts Date last borrowed
          IMU Kolkata IMU Kolkata 2020-08-28 515.3 D2291 08240 2020-08-28 Books    
          IMU Kolkata IMU Kolkata 2020-08-28 515.3 D2291 08245 2020-08-28 Books    
          IMU Kolkata IMU Kolkata 2020-08-28 515.3 D2291 08246 2020-08-28 Books    
          IMU Kolkata IMU Kolkata 2020-08-28 515.3 D2291 08247 2020-08-28 Books    
          IMU Kolkata IMU Kolkata 2020-08-28 515.3 D2291 08248 2020-08-28 Books    
          IMU Kolkata IMU Kolkata 2020-08-28 515.3 D2291 08249 2024-11-20 Books 1 2024-07-30
Designed and Maintained by IMU-KC Library, Kolkata Campus © Copyright All Rights Reserved

webs counters

Powered by Koha